[Event "Lugano Paradiso op"]
[Site "Lugano"]
[Date "2020.10.04"]
[Round "4"]
[White "Dueck, Sebastian"]
[Black "Cavadini, Sergio"]
[Result "0-1"]
[WhiteElo "1120"]
[BlackElo "1531"]
[PlyCount "32"]
[EventDate "2020.10.02"]
[EventType "swiss"]
[EventRounds "5"]
[EventCountry "SUI"]
[SourceTitle "CBM 198 Extra"]
[Source "ChessBase"]
[SourceDate "2020.11.30"]
[SourceVersion "1"]
[SourceVersionDate "2020.11.30"]
[SourceQuality "1"]

1. e4 e5 2. Bc4 Nf6 3. Nc3 Nc6 4. Nf3 Nxe4 5. d3 Nxc3 6. bxc3 h6 7. 0-0 Be7 8. Re1 d6 9. d4 d5 10. Nxe5 dxc4 11. Qf3 Nxe5 12. dxe5 c6 13. Rd1 Qc7 14. e6 Bxe6 15. Bf4 Qc8 16. Qg3 g5 0-1

[Event "Lugano Paradiso op"]
[Site "Lugano"]
[Date "2020.10.03"]
[Round "3"]
[White "Dueck, Sebastian"]
[Black "Gut, Raphael"]
[Result "0-1"]
[WhiteElo "1120"]
[BlackElo "1658"]
[PlyCount "48"]
[EventDate "2020.10.02"]
[EventType "swiss"]
[EventRounds "5"]
[EventCountry "SUI"]
[SourceTitle "CBM 198 Extra"]
[Source "ChessBase"]
[SourceDate "2020.11.30"]
[SourceVersion "1"]
[SourceVersionDate "2020.11.30"]
[SourceQuality "1"]

1. e4 c5 2. Nf3 e6 3. c3 d5 4. Ne5 Bd6 5. Qh5 g6 6. Qf3 Bxe5 7. d4 cxd4 8. cxd4 Bxd4 9. Qd3 dxe4 10. Qxe4 Nf6 11. Qd3 Nc6 12. Be3 Bxe3 13. Qxd8+ Kxd8 14. fxe3 Nb4 15. Nc3 Nc2+ 16. Kd1 Nxa1 17. Kc1 Ke7 18. Kb1 Rd8 19. Kxa1 b6 20. Kb1 Bb7 21. Rg1 Rac8 22. h4 Be4+ 23. Ka1 Rd1+ 24. Nxd1 Rc1# 0-1

[Event "Wil Acrevis op 1st"]
[Site "Wil"]
[Date "2020.06.19"]
[Round "1"]
[White "Zoller, Patrik"]
[Black "Dueck, Sebastian"]
[Result "1-0"]
[WhiteElo "1689"]
[BlackElo "1152"]
[PlyCount "37"]
[EventDate "2020.06.19"]
[EventType "swiss"]
[EventRounds "5"]
[EventCountry "SUI"]
[SourceTitle "CBM 197 Extra"]
[Source "ChessBase"]
[SourceDate "2020.09.30"]
[SourceVersion "1"]
[SourceVersionDate "2020.09.30"]
[SourceQuality "1"]

1. Nf3 d5 2. c4 Nf6 3. cxd5 Qxd5 4. Nc3 Qd6 5. g3 Nc6 6. Bg2 Be6 7. 0-0 Qd7 8. Re1 Bh3 9. Bh1 e6 10. a3 Bc5 11. b4 Bb6 12. e3 0-0-0 13. Na4 Qd3 14. Nxb6+ axb6 15. Qa4 Bg4 16. Nd4 Qc4 17. Nxc6 bxc6 18. Bxc6 Rd7 19. Qa8# 1-0